| 000 | 00706nam a2200193Ia 4500 | ||
|---|---|---|---|
| 003 | GCL | ||
| 008 | 140319s9999 xx 000 0 ara d | ||
| 040 |
_aGCL / _cGCL |
||
| 082 | 0 | 4 |
_aق _b910.962 _bرر |
| 100 | 1 | _aعبدالرحمن عبدالله الشيخ | |
| 245 | 1 | 0 |
_aرحلة الامير رذولف الى الشرق ج1 , ج2 / _cعبدالرحمن عبدالله الشيخ |
| 700 | 1 | _aردولف | |
| 300 | _aمتعدد | ||
| 490 |
_aالالف كتاب _v0 |
||
| 650 | 0 | 4 | _aوصف ورحلات |
| 650 | 0 | 4 | _aمصر - تاريخ - العصر الحديث (1805 - 1956 ) |
| 650 | 0 | 4 | _aمصر - تاريخ - العصر الحديث - عصر اسماعيل ( 1863-1879 م ) |
| 942 |
_2ddc _cBK |
||
| 999 |
_c44087 _d44087 |
||